[Event "OMA-ch Clubs 7th"]
[Site "Muscat"]
[Date "2024.07.14"]
[Round "5.2"]
[White "Al Rasbi, Al Hasan"]
[Black "Al Balushi, Shuaib Abdul Wahab"]
[Result "1-0"]
[WhiteElo "1409"]
[BlackElo "1615"]
[PlyCount "84"]
[EventDate "2024.07.11"]
[EventType "team-swiss"]
[EventRounds "9"]
[EventCountry "OMN"]
[SourceTitle "EXT 2025"]
[Source "ChessBase"]
[SourceDate "2024.10.14"]
[SourceVersion "1"]
[SourceVersionDate "2024.10.14"]
[SourceQuality "1"]
[WhiteTeam "Al Kamil Wal Wafi"]
[BlackTeam "Quriyat"]
[WhiteTeamCountry "OMN"]
[BlackTeamCountry "OMN"]

1. e4 e6 2. d4 d5 3. exd5 exd5 4. Nc3 Nf6 5. Bg5 Bb4 6. Nf3 0-0 7. Be2 Bxc3+ 8. bxc3 Bg4 9. 0-0 Qd6 10. Bxf6 Qxf6 11. Rb1 b6 12. Re1 Nd7 13. Ne5 Bf5 14. Nxd7 Bxd7 15. Bf3 c6 16. Qd3 Rfe8 17. Rxe8+ Rxe8 18. Qa6 Qe6 19. h3 Qg6 20. Qxa7 Qxc2 21. Qxb6 Qxc3 22. a4 h6 23. a5 Re1+ 24. Rxe1 Qxe1+ 25. Kh2 Qd2 26. Qb8+ Kh7 27. a6 Bc8 28. a7 Bb7 29. Qxb7 Qf4+ 30. g3 Qxf3 31. Qb1+ g6 32. Qa2 h5 33. a8Q h4 34. Q8a3 Qe4 35. gxh4 Qxd4 36. Qe3 Qf6 37. h5 g5 38. Qc2+ Kh6 39. h4 Qd6+ 40. Kg1 Kg7 41. Qxg5+ Kf8 42. Qh7 Qd8 1-0